| 000 | 00735cam a2200229 4500 | ||
|---|---|---|---|
| 001 | M2188 | ||
| 008 | 090401t1996 xxu||||| |||| 00| 0 eng d | ||
| 035 | _a(Sirsi) u37050 | ||
| 041 | _aeng | ||
| 050 |
_a346.4104342 _c18 |
||
| 090 | _aRICS 1996/76ABCD | ||
| 110 |
_aRoyal Institution of Chartered Surveyors _94900 |
||
| 245 | _aAgreement for the taking and holding of a deposit | ||
| 260 |
_aLondon _bRICS _c1996 |
||
| 300 |
_a3p. _c30cm. |
||
| 350 | _a15.22 | ||
| 490 | _aRICS Guidance Note | ||
| 650 | _aPROPERTY-RESIDENTIAL PROPERTY-RESIDENTIAL LANDLORD AND TENANT-RESIDENTIAL TENANCIES | ||
| 690 | _aPROPERTY-RESIDENTIAL PROPERTY-RESIDENTIAL LANDLORD AND TENANT-RESIDENTIAL TENANCIES | ||
| 942 | _n0 | ||
| 948 | _c04/03/1997 | ||
| 999 |
_c90427 _d90427 |
||